Представление документа в формате RUSMARC

ПолеНазваниеЗначение
  Тип записи a
  Библиографический уровень a
001 Контрольный номер RU/CBS_Ul/BASE/535727481
005 Дата корректировки 20240209175208.6
100 Данные общей обработки __
a Данные общей обработки 20161222d2016 ||| 0rusy0189 ca
101 Язык документа 0_
a Язык текста rus
102 Страна публикации __
a Страна публикации RU
105 Кодированные данные (монография) __
a Кодированные данные (монография) y###||||000|y
200 Заглавие и сведения об ответственности 1_
a Заглавие Праздник к нам приходит
b Общее обозначение материала Текст
e Сведения, относящиеся к заглавию [литературный обозреватель рекомендует книги, создающие праздничные настроение]
f Первые сведения об ответственности Е. Прокофьева
300 Общие примечания __
a Общие примечания Ограничения по возрасту - 6+
461 Уровень набора _0
1 2000
a Здоровье школьника
463 Уровень физической единицы _0
1 001RU/CBS_Ul/BASE/535639576
1 2000
a № 12
v С. 95
1 210
d 2016
606 Тематические рубрики 0_
a Основная рубрика Детская литература
z Хронологическая подрубрика Дата события
610 Ключевые слова 0_
a Ключевые слова книги
a Ключевые слова аннотации
a Ключевые слова обзоры книг
686 Индексы других классификаций __
a Классификационный индекс 83.8
2 Код системы ББК
700 Автор _1
a Фамилия Прокофьева
b Имя (инициалы) Е.
801 Источник записи _0
a Страна RU
b Организация МБУК ЦБС г. Ульяновска
c Дата составления 20161222
g Правила каталогизации RCR
801 Источник записи _1
a Страна RU
b Организация МБУК ЦБС г. Ульяновска
c Дата составления 20161222
g Правила каталогизации RCR
901 Тип документа __
t Тип документа b
w Контрольный № источника RU/CBS_Ul/BASE/535639576
910 Корректоры записи __
a Корректор записи Библиотека 18
938 Служебная информация __
a Имя БД period